| 000 | 00471nam a2200157 a 4500 | ||
|---|---|---|---|
| 001 | 2590 | ||
| 003 | CDMR | ||
| 005 | 20130320111203.0 | ||
| 008 | 130130s2008||||||||||||||||||||||||||||d | ||
| 040 |
_aCDMR _bcat _cCPC LLEIDA |
||
| 110 | 1 |
_91064 _aCatalunya _b -- Generalitat |
|
| 245 | 1 | 0 |
_aLlibre blanc de la ràdio local pública _cGeneralitat de Catalunya |
| 260 |
_aBarcelona _c2008 _bFederació de Ràdios Locals de Catalunya |
||
| 300 |
_cInclou CD _e1 CD |
||
| 942 |
_cMON _2udc |
||
| 999 |
_c2590 _d2590 |
||